000 01286nam a22003015i 4500
001 159958
003 ES-MaACL
005 20250814080102.0
008 960917s1881 sp f |||| | spa d
080 _a655
100 1 _aMonet, Adolphe Lucien.
_9130054
245 1 0 _aManual de galvanoplastia y estereotipia y otros procedimientos de reproducción en relieve /
_cpor Luciano Monet ; [carta al autor, que debiera ser prólogo, Eusebio Martínez de Velasco].
260 _aMadrid :
_bEst. Tip. Editorial de G. Estrada,
_c1881.
300 _a223 p., [2] h. pleg. de lám. ;
_c17 cm.
490 1 _aBiblioteca enciclopédica popular ilustrada. Sección 1ª. Artes y oficios
500 _aVocabulario analítico.
530 _aDisponible en formato digital.
599 _aLám.: "Lit. de Donon"
650 4 _aGalvanoplastia.
_913025
650 4 _aComposición tipográfica.
_9172765
700 1 _aEstrada, Gregorio.
_9126979
700 1 _aMartínez de Velasco, Eusebio.
_978036
752 _aEspaña -
_dMadrid
830 1 0 _aBiblioteca enciclopédica popular ilustrada.
_pArtes y oficios
_9187687
852 _aES-MaACL
_jF-13640
_z- Enc. hol.
856 4 _uhttp://bdh-rd.bne.es/viewer.vm?id=0000077487&page=1
_zBiblioteca Digital Hispánica
999 _c159958
_d159958